000 00577nam a2200229Ia 4500
003 OSt
005 20220923230351.0
006 a|||||r|||| 00| 0
007 ta
008 Pun
024 _a279,839
037 _cTextual
040 _aARTS
_cARTS
_bPun
041 _2Pun
_aPun
082 _aO153,1NNR,1, M5
100 _aਨਾਰੰਗ, ਸੀ ਐਲ
245 0 _aਉਰਮਿਲਾ
260 _c1985
650 _aਪੰਜਾਬੀ ਸਾਹਿਤ
942 _hO153,1NNR,1, M5
_cTEXL
_2CC
999 _c384299
_d384299